000 00411nam a2200145Ia 4500
008 220803s9999 xx 000 0 und d
020 _a9783869222820
041 _aeng
082 _a712.092 PFA
100 _aPfammatter U
_924997
245 _aBuilding For A Changing Culture And Climate : World Atlas Of Sustainable Architecture
260 _aBerlin
_bDom Publisher
_c2014
300 _a584p
500 _aLANDS
999 _c15869
_d15869